Every Uncharted Chapter - Statistics

General Stats
  • This quiz has been taken 52 times
  • The average score is 35 of 101
Answer Stats
Hint Answer % Correct
Uncharted 4: A Thief's End CH 22 A Thief's End
80%
Uncharted: Drake's Fortune CH 1 Ambushed
60%
Uncharted 4: A Thief's End CH 4 A Normal Life
50%
Uncharted 2: Among Thieves CH 1 A Rock and a Hard Place
50%
Uncharted 2: Among Thieves CH 3 Borneo
50%
Uncharted 4: A Thief's End CH 21 Brother's Keeper
50%
Uncharted 2: Among Thieves CH 20 Cat and Mouse
50%
Uncharted 2: Among Thieves CH 13 Locomotion
50%
Uncharted: Drake's Fortune CH 22 Showdown
50%
Uncharted: Drake's Fortune CH 5 The Fortress
50%
Uncharted: Drake's Fortune CH 2 The Search for El Dorado
50%
Uncharted 3: Drake's Deception CH 6 The Chateau
45%
Uncharted 4: A Thief's End CH 13 Marooned
45%
Uncharted: Drake's Fortune CH 4 Plane-wrecked
45%
Uncharted 3: Drake's Deception CH 21 The Atlantis of the Sands
45%
Uncharted 4: A Thief's End CH 16 The Brothers Drake
45%
Uncharted 2: Among Thieves CH 22 The Monastery
45%
Uncharted 2: Among Thieves CH 26 Tree of Life
45%
Uncharted 2: Among Thieves CH 16 Where Am I?
45%
Uncharted 3: Drake's Deception CH 1 Another Round
40%
Uncharted 2: Among Thieves CH 2 Breaking and Entering
40%
Uncharted 2: Among Thieves CH 21 Convoy
40%
Uncharted 2: Among Thieves CH 6 Desperate Times
40%
Uncharted: Drake's Fortune CH 21 Gold and Bones
40%
Uncharted: Drake's Fortune CH 12 Heading Upriver
40%
Uncharted 2: Among Thieves CH 18 Heart of Ice
40%
Uncharted 3: Drake's Deception CH 5 London Underground
40%
Uncharted: Drake's Fortune CH 7 Out of the Frying Pan
40%
Uncharted: Drake's Fortune CH 13 Sanctuary?
40%
Uncharted 4: A Thief's End CH 3 The Malaysia Job
40%
Uncharted 4: A Thief's End CH 10 The Twelve Towers
40%
Uncharted 2: Among Thieves CH 14 Tunnel Vision
40%
Uncharted: Drake's Fortune CH 19 Unwelcome Guests
40%
Uncharted 2: Among Thieves CH 5 Urban Warfare
40%
Uncharted: Drake's Fortune CH 3 A Surprising Find
35%
Uncharted 4: A Thief's End CH 12 At Sea
35%
Uncharted 4: A Thief's End CH 19 Avery's Descent
35%
Uncharted 3: Drake's Deception CH 20 Caravan
35%
Uncharted 3: Drake's Deception CH 14 Cruisin' for a Bruisin'
35%
Uncharted 4: A Thief's End CH 17 For Better or Worse
35%
Uncharted: Drake's Fortune CH 14 Going Underground
35%
Uncharted 3: Drake's Deception CH 2 Greatness from Small Beginnings
35%
Uncharted: Drake's Fortune CH 17 Heart of the Vault
35%
Uncharted 4: A Thief's End CH 7 Lights Out
35%
Uncharted 2: Among Thieves CH 17 Mountaineering
35%
Uncharted: Drake's Fortune CH 20 Race to the Rescue
35%
Uncharted 2: Among Thieves CH 23 Reunion
35%
Uncharted 2: Among Thieves CH 19 Siege
35%
Uncharted 3: Drake's Deception CH 17 Stowaway
35%
Uncharted: Drake's Fortune CH 18 The Bunker
35%
Uncharted: Drake's Fortune CH 10 The Custom's House
35%
Uncharted 2: Among Thieves CH 4 The Dig
35%
Uncharted 3: Drake's Deception CH 22 The Dreamers of the Day
35%
Uncharted: Drake's Fortune CH 8 The Drowned City
35%
Uncharted 4: A Thief's End CH 15 The Thieves of Libertalia
35%
Uncharted: Drake's Fortune CH 16 The Treasure Vault
35%
Uncharted: Drake's Fortune CH 9 To the Tower
35%
Uncharted: Drake's Fortune CH 11 Trapped
35%
Uncharted: Drake's Fortune CH 6 Unlocking the Past
35%
Uncharted 3: Drake's Deception CH 11 As Above, So Below
30%
Uncharted 2: Among Thieves CH 12 A Train to Catch
30%
Uncharted 2: Among Thieves CH 25 Broken Paradise
30%
Uncharted 4: A Thief's End CH 5 Hector Alcazar
30%
Uncharted 4: A Thief's End CH 14 Join Me in Paradise
30%
Uncharted 4: A Thief's End CH 18 New Devon
30%
Uncharted 4: A Thief's End CH 20 No Escape
30%
Uncharted 4: A Thief's End CH 6 Once a Thief...
30%
Uncharted 2: Among Thieves CH 10 Only One Way Out
30%
Uncharted 2: Among Thieves CH 9 Path of Light
30%
Uncharted 3: Drake's Deception CH 7 Stay in the Light
30%
Uncharted 4: A Thief's End CH 8 The Grave of Henry Avery
30%
Uncharted 3: Drake's Deception CH 18 The Rub' al-Khali
30%
Uncharted 2: Among Thieves CH 15 Train-wrecked
30%
Uncharted: The Lost Legacy CH 9 End of the Line
25%
Uncharted 4: A Thief's End CH 11 Hidden in Plain Sight
25%
Uncharted 3: Drake's Deception CH 10 Historical Research
25%
Uncharted 4: A Thief's End CH 2 Infernal Place
25%
Uncharted 2: Among Thieves CH 11 Keep Moving
25%
Uncharted 3: Drake's Deception CH 4 Run to Ground
25%
Uncharted 3: Drake's Deception CH 15 Sink or Swim
25%
Uncharted 3: Drake's Deception CH 8 The Citadel
25%
Uncharted 2: Among Thieves CH 8 The City's Secret
25%
Uncharted 4: A Thief's End CH 1 The Lure of Adventure
25%
Uncharted 3: Drake's Deception CH 9 The Middle Way
25%
Uncharted 2: Among Thieves CH 24 The Road to Shambala
25%
Uncharted 3: Drake's Deception CH 19 The Settlement
25%
Uncharted 2: Among Thieves CH 7 They're Coming With Us
25%
Uncharted 4: A Thief's End CH 9 Those Who Prove Worthy
25%
Uncharted 3: Drake's Deception CH 12 Abducted
20%
Uncharted 3: Drake's Deception CH 16 One Shot at This
20%
Uncharted: Drake's Fortune CH 15 On the Trail of Treasure
20%
Uncharted 3: Drake's Deception CH 13 Rough Seas
20%
Uncharted 3: Drake's Deception CH 3 Second-Story Work
20%
Uncharted: The Lost Legacy CH 5 The Great Battle
20%
Uncharted: The Lost Legacy CH 1 The Insurgency
20%
Uncharted: The Lost Legacy CH 7 The Lost Legacy
20%
Uncharted: The Lost Legacy CH 3 Homecoming
15%
Uncharted: The Lost Legacy CH 2 Infiltration
15%
Uncharted: The Lost Legacy CH 6 The Gatekeeper
15%
Uncharted: The Lost Legacy CH 4 The Western Gnats
15%
Uncharted: The Lost Legacy CH 8 Partners
10%
No matching quizzes found
Score Distribution
Percent of People with Each Score
Percentile by Number Answered
Your Score History
You have not taken this quiz